Introducing Stephen Hawking (Record no. 4350)

MARC details
000 -LEADER
fixed length control field 00531cam a2200205ua 4500
008 - FIXED-LENGTH DATA ELEMENTS--GENERAL INFORMATION
fixed length control field 150225n2002 xxu |||gr||||Z||||||eng
020 ## - INTERNATIONAL STANDARD BOOK NUMBER
International Standard Book Number 1-84046-639-1
040 ## - CATALOGING SOURCE
Transcribing agency MAIN
041 ## - LANGUAGE CODE
-- eng
082 ## - DEWEY DECIMAL CLASSIFICATION NUMBER
Classification number 920
100 ## - MAIN ENTRY--PERSONAL NAME
Personal name Mcevoy, J. P.,
Relator term
245 ## - TITLE STATEMENT
Title Introducing Stephen Hawking
Statement of responsibility, etc. by J. P. Mcevoy
250 ## - EDITION STATEMENT
Edition statement 1st.
260 ## - PUBLICATION, DISTRIBUTION, ETC.
Place of publication, distribution, etc. Uk
Name of publisher, distributor, etc. Icon books
Date of publication, distribution, etc. 2002
Place of publication, distribution, etc. US
Name of publisher, distributor, etc. Totem books
300 ## - PHYSICAL DESCRIPTION
Extent 174p:
Other physical details ill;
Dimensions 23cm.
700 ## - ADDED ENTRY--PERSONAL NAME
Personal name Zarate, Oscar ,
Relator term
942 ## - ADDED ENTRY ELEMENTS (KOHA)
Koha item type Books
653 ## - INDEX TERM--UNCONTROLLED
Uncontrolled term Biography, genealogy & insignia
Holdings
Withdrawn status Lost status Damaged status Not for loan Home library Current library Shelving location Date acquired Total Checkouts Full call number Barcode Date last seen Copy number Price effective from Koha item type
        Central Library, Naharkatiya College Central Library, Naharkatiya College General Stacks 19/09/2020   920 | MCE 16474 19/09/2020 1 19/09/2020 Books

Naharkatiya College © 2020. All rights reserved.

Powered By